00221nam a2200085Ia 4500008004100000041000800041100001700049245003800066260003100104230508s1998 xx 000 0 und d aeng aB.D. DHILLON aENGINEERING DESIGN MODERN APPROCH bIRVVIN THE TIMES MIRc1998